000
00466nam a2200133Ia 4500
008
100328s9999 xx 000 0 und d
082
_b
17412
100
_a
रंजीत कर्नल
245
_a
हत्यारे का हत्यारा
260
_b
हिंद पॅाकेट बुक्स
630
_a
हत्यारे का हत्यारा
730
_a
हत्यारे का हत्यारा
942
_c
BOOK
999
_c
511988
_d
511985